South Asia development and cooperation report, 2008 / (Record no. 41641)

MARC details
000 -LEADER
fixed length control field 01284cam a2200289 a 4500
005 - DATE AND TIME OF LATEST TRANSACTION
control field 20090428064346.0
010 ## - LCCN (DPL NO)
LC control number ENG-100053
020 ## - INTERNATIONAL STANDARD BOOK NUMBER
International Standard Book Number 9780195699425
Terms of availability 395.00
020 ## - INTERNATIONAL STANDARD BOOK NUMBER
International Standard Book Number 0195699424
Terms of availability 395.00
035 ## - SYSTEM CONTROL NUMBER
System control number EN-83585
037 ## - SOURCE OF ACQUISITION
Source of stock number/acquisition DBAD/PUB
082 ## - DEWEY DECIMAL CLASSIFICATION NUMBER
Classification number 337.154
245 00 - TITLE STATEMENT
Title South Asia development and cooperation report, 2008 /
Statement of responsibility, etc by Research and Information System for Developing Countries.
246 18 - VARYING FORM OF TITLE
Title proper/short title South Asia development and cooperation report
260 ## - PUBLICATION, DISTRIBUTION, ETC. (IMPRINT)
Place of publication, distribution, etc New Delhi
Name of publisher, distributor, etc Oxford University Press
Date of publication, distribution, etc 2008
270 ## - ADDRESS
Address YMCA Library Building, Jai Singh Road
City New Delhi
Postal code 110001
300 ## - PHYSICAL DESCRIPTION
Extent xxi, 151 p. :
Other physical details ill.
Dimensions 29cm (pbk)
500 ## - GENERAL NOTE
General note Includes statistics
504 ## - BIBLIOGRAPHY, ETC. NOTE
Bibliography, etc Includes bibliographical references
650 #0 - SUBJECT ADDED ENTRY--TOPICAL TERM
Topical term or geographic name as entry element South Asian cooperation.
650 #0 - SUBJECT ADDED ENTRY--TOPICAL TERM
Topical term or geographic name as entry element South Asian cooperation
Form subdivision Statistics.
710 2# - ADDED ENTRY--CORPORATE NAME
Corporate name or jurisdiction name as entry element Research and Information System for the Non-aligned and Other Developing Countries.
9 (RLIN) 12691
856 42 - ELECTRONIC LOCATION AND ACCESS
Materials specified Publisher description
Uniform Resource Identifier http://www.loc.gov/catdir/enhancements/fy0907/2008319503-d.html
942 ## - ADDED ENTRY ELEMENTS (KOHA)
Source of classification or shelving scheme Dewey Decimal Classification
Item type English Books
Classification part 337.154
Call number suffix SOU
Holdings
Withdrawn status Lost status Not for loan Collection code Home library Current library Date acquired Source of acquisition Cost, normal purchase price Full call number Barcode Copy number Cost, replacement price Koha item type
    Not For Loan Non-fiction D.B.Act.Division D.B.Act.Division 13/08/2010 DBAD/PUB 395.00 337.154 SOU EN-83585 1 395.00 English Books

© Delhi Public Library
Hit Counter
free hit counter